00246nam a2200097 a 4500001000500000005001700005008004100022050002300063100001900086245004300105414420140414131853.0090317s19uu xx 00 eng d aM 591.59bAr8 1988 aArvetis, Chris aWhy do birds sing? :ba just ask book.